| 000 | 00489nam a22001817a 4500 | ||
|---|---|---|---|
| 003 | OSt | ||
| 005 | 20240705111405.0 | ||
| 008 | 240705b |||||||| |||| 00| 0 eng d | ||
| 020 | _a97881291154477 | ||
| 040 | _cSBCL | ||
| 082 |
_a823 _bCHH-Z |
||
| 100 | _aChhibba,Neeraj | ||
| 245 | _aZero Percentile | ||
| 260 |
_aNew Delhi _bRupa Publication India _c2009 |
||
| 300 | _a217p. | ||
| 650 |
_2Literature & rhetoric _aEnglish & Old English literatures _vEnglish fiction |
||
| 942 | _cBOOK | ||
| 999 |
_c136101 _d136101 |
||